Gaming Quiz

Random Gaming or Clickable Quiz

Lego brands 2012 Quiz Stats

 Plays Quiz not verified by Sporcle

Challenge
Share
Tweet
Embed
Score 0/5 Timer 02:00
0 Plays Today
% Correct
lord of the rings
98.8%
star wars
95.3%
super heros
91.8%
dino
90.6%
ninjago
78.8%

You're not logged in!

Compare scores with friends on all Sporcle quizzes.
OR
Log In

You Might Also Like...

Show Comments

Extras

Created Jul 10, 2012ReportNominate
Tags:Clickable Quiz, 2012, brand, lego

Top Quizzes Today


Score Distribution

Your Account Isn't Verified!

In order to create a playlist on Sporcle, you need to verify the email address you used during registration. Go to your Sporcle Settings to finish the process.

Report this User

Report this user for behavior that violates our Community Guidelines.

Details: